书目信息 |
| 题名: |
概率论与数理统计学习指导与同步习题解答
|
|
| 作者: | 李政兴 主编 | |
| 分册: | ||
| 出版信息: | 北京 中国财政经济出版社 2018.09 |
|
| 页数: | 226页 | |
| 开本: | 26cm | |
| 丛书名: | 经济数学基础系列教材 | |
| 单 册: | ||
| 中图分类: | O21 | |
| 科图分类: | ||
| 主题词: | 概率论--gai lv lun--高等学校--教学参考资料 , 数理统计--shu li tong ji--高等学校--教学参考资料 | |
| 电子资源: | ||
| ISBN: | 978-7-5095-8465-1 | |
| 000 | 01075nam0 2200265 450 | |
| 001 | 202019134852 | |
| 005 | 20191007123106.0 | |
| 010 | @a978-7-5095-8465-1@dCNY54.00 | |
| 100 | @a20191002d2018 em y0chiy50 ea | |
| 101 | 0 | @achi |
| 102 | @aCN@b110000 | |
| 105 | @aak q 000yy | |
| 106 | @ar | |
| 200 | 1 | @a概率论与数理统计学习指导与同步习题解答@Agai lv lun yu shu li tong ji xue xi zhi dao yu tong bu xi ti jie da@f李政兴主编 |
| 210 | @a北京@c中国财政经济出版社@d2018.09 | |
| 215 | @a226页@c图@d26cm | |
| 225 | 2 | @a经济数学基础系列教材@Ajing ji shu xue ji chu xi lie jiao cai |
| 300 | @a高等院校经济管理类专业 | |
| 330 | @a本书共九章, 主要内容包括: 随机事件及其概率 ; 随机变量及其分布 ; 多维随机变量及其分布 ; 随机变量的数字特征 ; 大数定律与中心极限定理 ; 数理统计的基本概念 ; 参数估计 ; 假设经验 ; 回归分析。 | |
| 606 | 0 | @a概率论@Agai lv lun@x高等学校@j教学参考资料 |
| 606 | 0 | @a数理统计@Ashu li tong ji@x高等学校@j教学参考资料 |
| 690 | @aO21@v5 | |
| 701 | 0 | @a李政兴@Ali zheng xing@4主编 |
| 801 | 0 | @aCN@c20190905 |
| 905 | @a河南城建学院图书馆@dO21@eL337 | |
| 概率论与数理统计学习指导与同步习题解答/李政兴主编.-北京:中国财政经济出版社,2018.09 |
| 226页:图;26cm.-(经济数学基础系列教材) |
| 高等院校经济管理类专业 |
| ISBN 978-7-5095-8465-1:CNY54.00 |
| 本书共九章, 主要内容包括: 随机事件及其概率 ; 随机变量及其分布 ; 多维随机变量及其分布 ; 随机变量的数字特征 ; 大数定律与中心极限定理 ; 数理统计的基本概念 ; 参数估计 ; 假设经验 ; 回归分析。 |
| ● |
| 相关链接 |
|
|
|
正题名:概率论与数理统计学习指导与同步习题解答
索取号:O21/L337
 
预约/预借
| 序号 | 登录号 | 条形码 | 馆藏地/架位号 | 状态 | 备注 |
| 1 | 1443008 | 214430089 | 自科库401/401自科库 46排4列1层/ [索取号:O21/L337] | 在馆 | |
| 2 | 1443009 | 214430098 | 自科库401/401自科库 46排4列1层/ [索取号:O21/L337] | 在馆 |